| 000 | 01401nam a2200241 i 4500 | ||
|---|---|---|---|
| 001 | 18294 | ||
| 003 | DO-SdUEMH | ||
| 005 | 20260106162139.0 | ||
| 007 | ta | ||
| 008 | 260106b1984 dr |||gr|||| 10| 0 spa d | ||
| 040 |
_aDO-SdUEMH _bspa _erda |
||
| 041 | _aspa | ||
| 082 | 1 | 4 |
_mRD _bE56p |
| 245 | 1 | 0 |
_aPoblación y pobreza en la República Dominicana / _cExpositores: Pablo Rodríguez Núñez, Julio Cross Beras, Gumercindo del Rosario Mota, Patria Stella Madera Daniel, Nelson Rodríguez |
| 264 | 0 | 1 |
_aSanto Domingo, República Dominicana : _bFórum, _c1984 |
| 300 |
_a199 paginas ; _c22 cm. |
||
| 336 |
_2rdacontent _atexto _btxt |
||
| 337 |
_2rdamedia _asin mediación _bn |
||
| 338 |
_2rdacarrier _avolumen _bnc |
||
| 490 |
_aForum ; _v12 |
||
| 505 | 0 | _aPresentación -- Palabras de Eduardo Latorre -- Introducción / Frank Moya Pons -- La economía agraria, la pobreza y la población en la República Dominicana / Pablo Rodríguez Núñez -- Cambios en los niveles de vida en la República Dominicana / Julio Cross Beras -- Cambios en los niveles de ingresos y patrones de consumo, según extractos poblacionales de ingresos, 1976-1977 / Gumersindo del Rosario Mota y Patria Stella Madera Daniel -- Planificación familiar, crecimiento demográfico y condiciones de vida en la República Dominicana. Planteamiento de una política población y desarrollo / Nelson Ramírez. | |
| 942 |
_2ddc _n0 _cBK |
||
| 999 |
_c18294 _d18294 |
||